00608nam a2200181 a 4500001001000000003000900010005001700019007000300036008004100039020001500080040002500095082001900120100003200139245013700171250003100308260005900339300002800398000044732DO-SdBNP20240305090729.0ta150108s2004 dr a 000 0 spa d a9945130560 aDO-SdBNPbspacBNPHU axxxbF825h2221 aFranco, Franklin J.,d1936-10aHistoria Económica y Financiera de la República Dominicana 1844-1962 :bintroducción a su estudio /cFranklin Franco Pichardo. a8a ed. revisada y ampliada aSanto Domingo,cSociedad editorial dominicanac[s.f.]. a321 p. :bil. ;c22 cm.